[Event "GER-chT U12"]
[Site "Magdeburg"]
[Date "2023.12.29"]
[Round "6.10"]
[White "Volz, Alexander Sebastian"]
[Black "Gilcher, Tamino"]
[Result "0-1"]
[WhiteElo "1159"]
[BlackElo "1207"]
[PlyCount "60"]
[EventDate "2023.12.26"]
[EventType "team-swiss"]
[EventRounds "7"]
[EventCountry "GER"]
[SourceTitle "CBM 218 Extra"]
[Source "ChessBase"]
[SourceDate "2024.03.31"]
[SourceVersion "1"]
[SourceVersionDate "2024.03.31"]
[SourceQuality "1"]
[WhiteTeam "Karlsruhe SF"]
[BlackTeam "Trier SG"]
[WhiteTeamCountry "GER"]
[BlackTeamCountry "GER"]

1. e4 d5 2. exd5 Qxd5 3. Nc3 Qa5 4. Nf3 Nf6 5. d4 c6 6. Bd3 Bg4 7. 0-0 Nbd7 8. Be3 e6 9. Qe2 Bd6 10. Rfe1 Qh5 11. h3 Bxh3 12. gxh3 Qxh3 13. Ne4 Nxe4 14. Bxe4 Nf6 15. Nd2 Nxe4 16. f4 Nxd2 17. Qxd2 h6 18. Qg2 Qxg2+ 19. Kxg2 f6 20. c4 g5 21. fxg5 hxg5 22. Rh1 0-0-0 23. a4 Rxh1 24. Rxh1 f5 25. Bxg5 Rg8 26. Kf3 Rxg5 27. Ke3 Rg3+ 28. Ke2 Rb3 29. Rb1 Rb4 30. Kd3 Rxa4 0-1